00985nam a22002177a 4500999001500000003000900015008004100024040007100065082001900136100002600155245007600181260008200257300002600339505019500365650003400560650003000594650002000624942001600644945000800660952009900668 c2673d2673AR-CdUCM190305b ||||| |||| 00| 0 spa d aMUNICIPALIDAD PROVINCIAL DEL CUSCOcBIBLIOTECA MUNICIPAL DEL CUSCO a330.974 /bS55 aSilva Herzog, Jesús aEl pensamiento económico, social y político de México 1810-1964 / aMexico, D.F :bInstitución mexicano de investigación económicas,c1967. a748 paginas ;c24 cm. aLos dos grandes de la independencia: Miguel Hidalgo y Costilla y José Maria Morelos y Pavón -- Dos eclesiásticos muy diferentes : Fray Servando de Mier y Francisco Severo Maldonado ... aPensamiento económico96273 asocial y político99389 aIndustria94386 2ddccLIBROS aacv 002ddc4070aSHbSHcCARTd2019-03-05g50.00o330.974 / S55pSH0000003097r2019-03-05yLIBROS